书目信息 |
| 题名: |
弗洛姆行为研究讲稿
|
|
| 作者: | 弗洛姆 著 ;吴生军 编译 | |
| 分册: | ||
| 出版信息: | 长春 北方妇女儿童出版社 2004.12 |
|
| 页数: | 154页 | |
| 开本: | 21cm | |
| 丛书名: | 世界大师思想盛宴 | |
| 单 册: | ||
| 中图分类: | B7 | |
| 科图分类: | ||
| 主题词: | 哲学--文集--美洲 | |
| 电子资源: | ||
| ISBN: | 7-5385-2786-9 | |
| 000 | 00904nam0 2200265 450 | |
| 001 | 012006000000 | |
| 005 | 20070917091729.79 | |
| 010 | @a7-5385-2786-9@dCNY26.80 | |
| 100 | @a20070509d2004 em y0chiy0110 ea | |
| 101 | 1 | @achi@ceng |
| 102 | @aCN@b220100 | |
| 105 | @ay z 000yy | |
| 200 | 1 | @a弗洛姆行为研究讲稿@AFu Luo Mu Xing Wei Yan Jiu Jiang Gao@dAtion study the draft or text of a speech@f(美)埃里希·弗洛姆著@F( Mei ) Ai Li Xi· Fu Luo Mu Zhu@g吴生军编译@zeng |
| 210 | @a长春@c北方妇女儿童出版社@d2004.12 | |
| 215 | @a154页@d21cm | |
| 225 | 2 | @a世界大师思想盛宴 |
| 410 | 0 | @12001 @a世界大师思想盛宴 |
| 510 | 1 | @aAtion study the draft or text of a speech@zeng |
| 606 | 0 | @a哲学@j文集@x美洲 |
| 690 | @aB7@v4 | |
| 701 | 1 | @c(美)@a弗洛姆@AFu Luo Mu@b埃里希@4著 |
| 702 | 0 | @a吴生军@AWu Sheng Jun@4编译 |
| 801 | 0 | @aCN@bBJSWSY@c20070917 |
| 905 | @aBZT@dB7@e1 | |
| 906 | @dCNY26.80@n0@r1 | |
| 弗洛姆行为研究讲稿=Ation study the draft or text of a speech/(美)埃里希·弗洛姆著/吴生军编译.-长春:北方妇女儿童出版社,2004.12 |
| 154页;21cm.-(世界大师思想盛宴) |
| ISBN 7-5385-2786-9:CNY26.80 |
| ● |
| 相关链接 |
|
|
|
正题名:弗洛姆行为研究讲稿
索取号:B7/1
 
预约/预借
| 序号 | 登录号 | 条形码 | 馆藏地/架位号 | 状态 | 备注 |
| 1 | 579907 | 230172807 | 中心书库南/002架A面1层5列/ [索取号:B7/1] | 在馆 | |
| 2 | 579908 | 230172806 | 中心书库南/002架A面1层5列/ [索取号:B7/1] | 在馆 | |
| 3 | 579909 | 230172805 | 中心书库南/002架A面1层5列/ [索取号:B7/1] | 在馆 | |
| 4 | 579910 | 230172804 | 中心书库南/002架A面1层5列/ [索取号:B7/1] | 在馆 | |
| 5 | 579911 | 230172803 | 中心书库南/002架A面1层5列/ [索取号:B7/1] | 在馆 | |
| 6 | 579912 | 230172802 | 中心书库南/002架A面1层5列/ [索取号:B7/1] | 在馆 | |
| 7 | 579913 | 230172801 | 中心书库南/002架A面1层5列/ [索取号:B7/1] | 在馆 | |
| 8 | 579914 | 230172800 | 中心书库南/002架A面1层5列/ [索取号:B7/1] | 在馆 | |
| 9 | 579915 | 230172799 | 中心书库南/002架A面1层5列/ [索取号:B7/1] | 在馆 | |
| 10 | 579916 | 230172798 | 中心书库南/002架A面1层5列/ [索取号:B7/1] | 在馆 |